| 000 | 00512cam a22002051 4500 | ||
|---|---|---|---|
| 001 | 4535448 | ||
| 005 | 20171214044543.0 | ||
| 008 | 710924s1967 mau 000 0 eng | ||
| 010 | _a 67013252 | ||
| 040 |
_aDLC _cDLC _dDLC |
||
| 041 | _aeng | ||
| 043 | _an-us--- | ||
| 080 | _a320.50973 BAI | ||
| 082 | 0 | 0 |
_a320.50973 BAI _220 |
| 100 | 1 | _a17 | |
| 101 | _aHIS | ||
| 245 | 1 | 4 | _aThe ideological origins of the American Revolution. |
| 906 |
_a7 _bcbc _corignew _du _eocip _f19 _gy-gencatlg |
||
| 942 |
_2ddc _cBK |
||
| 999 |
_c38923 _d38923 |
||